00759nam a22002417a 450000500170000001000110001702000070002803500110003503700160004604000120006208200120007424500490008626000450013527000340018030000250021450000200023965000280025965000410028770000220032894200260035099900190037695201220039520170124105929.0 a521611 c00 a521611 bCen Lib/Ret aDPLbEN a320.954 aSecularism in india /cedited by V.K. Sinha  aBombay bLalvani Publishing House c1968 bBombay a210, dr. d. n. road  axix, 212p.c21cm(Hb) aIncludes index  aPolitical science97824 aDemocracy & secularismzIndia 97825 aSinha, V.K.97805 2ddccENh320.954mSEC c123723d123723 00104070aLbLd2015-06-11eCen Lib/Retg0.00l0o320.954 SECp521611r2015-06-11 00:00:00t1v0.00w2015-06-11yEN